000 00470nam a22001697a 4500
005 20140310183651.0
008 140120b xxu||||| |||| 00| 0 eng d
020 _a187047127x
050 _aHD 5701.9
_b.T747 2000
100 _aTownsend, John
245 _aThe trainer standards pocketbook /
_cTownsend, John
260 _aAlresford :
_bManagement Pocketbooks,
_c2000.
300 _a94 p.
_bill. ;
_c11 cm.
521 _aBSBA
942 _2lcc
_cBK
_kFOR
999 _c26066
_d26066